Tvorba testov pre predmet Dynamika a riadenie procesov v LMS Moodle

Na minha lista:
Detalhes bibliográficos
Autor principal: Bugárová, Katarína
Formato: Livro
Idioma:eslovaco
Publicado em: Bratislava STU FCHPT 2011
Acesso em linha:View in OPAC
Tags: Adicionar Tag
Sem tags, seja o primeiro a adicionar uma tag!

MARC

LEADER 00000nam a2200000 a 4500
005 20260127134015.0
008 110908 2011 xo 000 0 slo d
035 |a vtls010309649 
039 9 |y 201109080902  |z mschk03 
040 |a STUSCHK1  |b slo  |c STUSCHK1  |e AACR2 
100 1 |a Bugárová, Katarína 
245 1 |a Tvorba testov pre predmet Dynamika a riadenie procesov v LMS Moodle  |c Katarína Bugárová 
260 |a Bratislava  |b STU FCHPT  |c 2011 
300 |a 55 s.  |b il.  |c 30 cm 
500 |a Obháj.: 11.7. 2011 
500 |a Študijný program: automatizácia, informatizácia a manažment v chémii a potravinárstve 
500 |a Študijný odbor: 5.2.14 automatizácia, 5.2.52 priemyselné inžinierstvo 
500 |a Bakalárska práca 
500 |a FCHPT, Oddelenie informatizácie a riadenia procesov 
500 |a Evidenčné číslo: 5415-58709 
910 |a SCHK95 
999 |c 2001  |d 2001